000 00720nam a2200301 a 4500
003 AR-BaBNM
005 20251128202742.0
008 082120s2002 ||||||||||||||000 | spa||
040 _cAR-BaBNM
245 0 0 _aLa historia
250 _a1ª ed.
260 _aBeijing
_bLenguas Extranjeras
_c1984
300 _a198 p.
_bláms., il.,tablas
490 0 _aChina
500 _aContiene tabla cronológica p. 194-195
650 4 _aSOCIEDAD
650 4 _aECONOMIA
650 4 _aCIENCIAS POLITICAS
650 4 _aESCLAVITUD
650 4 _aGUERRA
650 4 _aREVOLUCION
650 4 _aHISTORIA ASIATICA
650 4 _aCULTURA
650 4 _aGUERRA CIVIL
653 _aGUERRILLA
942 _cBK
998 _cmariana
999 _c409
_d409